| Tag |
First Indicator |
Second Indicator |
Subfields |
| LEADER |
00000cam a2200000 a 4500 |
| 001 |
in00002781735 |
| 005 |
20150922133817.0 |
| 008 |
111215s2012 nyuaf b 000 0aeng |
| 010 |
|
|
|a 2011050718
|
| 020 |
|
|
|a 9781451651010 (trade paper : alk. paper)
|
| 020 |
|
|
|a 1451651015 (trade paper : alk. paper)
|
| 020 |
|
|
|a 9781451650945 (hardcover : alk. paper)
|
| 020 |
|
|
|a 1451650949 (hardcover : alk. paper)
|
| 020 |
|
|
|a 9781451651027 (ebook)
|
| 020 |
|
|
|a 1451651023 (ebook)
|
| 035 |
|
|
|a (OCoLC)ocn768171261
|
| 040 |
|
|
|a DLC
|b eng
|c DLC
|d IG#
|d BTCTA
|d BDX
|d CDX
|d OCLCO
|d MLY
|d YDXCP
|d UtOrBLW
|
| 042 |
|
|
|a pcc
|
| 043 |
|
|
|a n-us---
|a n-us-ga
|
| 049 |
|
|
|a TXAM
|
| 050 |
0 |
0 |
|a E901.1.S54
|b A3 2012
|
| 082 |
0 |
0 |
|a 975.8/043092
|a B
|2 23
|
| 100 |
1 |
|
|a Sherrod, Shirley,
|d 1948-
|
| 245 |
1 |
4 |
|a The courage to hope :
|b how I stood up to the politics of fear /
|c Shirley Sherrod ; with Catherine Whitney.
|
| 250 |
|
|
|a 1st Atria Books hardcover ed.
|
| 264 |
|
1 |
|a New York :
|b Atria Books,
|c 2012.
|
| 300 |
|
|
|a 240 pages, 8 unnumbered pages of plates :
|b color illustrations ;
|c 25 cm.
|
| 336 |
|
|
|a text
|b txt
|2 rdacontent
|
| 337 |
|
|
|a unmediated
|b n
|2 rdamedia
|
| 338 |
|
|
|a volume
|b nc
|2 rdacarrier
|
| 504 |
|
|
|a Includes bibliographical references.
|
| 600 |
1 |
0 |
|a Sherrod, Shirley,
|d 1948-
|
| 610 |
1 |
0 |
|a United States.
|b Department of Agriculture
|x Officials and employees
|v Biography.
|
| 650 |
|
0 |
|a Mass media
|x Objectivity
|z United States.
|
| 650 |
|
0 |
|a African American farmers
|z Georgia
|x Economic conditions.
|
| 650 |
|
0 |
|a Farmers
|z Georgia
|x Economic conditions.
|
| 650 |
|
0 |
|a Rural poor
|z Georgia.
|
| 650 |
|
0 |
|a Rural development
|z Georgia.
|
| 651 |
|
0 |
|a Georgia
|x Rural conditions.
|
| 700 |
1 |
|
|a Whitney, Catherine.
|
| 948 |
|
|
|a cataloged
|b h
|c 2012/11/7
|d c
|e ceaton
|f 12:24:51 pm
|
| 994 |
|
|
|a C0
|b TXA
|
| 999 |
|
|
|a MARS
|
| 999 |
f |
f |
|s cc78effa-ef3c-38cd-ab62-3d369027fb78
|i 885a8393-e382-3da7-bb4d-271e055667a9
|t 0
|
| 952 |
f |
f |
|p ric
|a Texas A&M University
|b Rellis Campus
|c Joint Library Facility
|d Remote Storage
|t 0
|e E901.1.S54 A3 2012
|h Library of Congress classification
|i unmediated -- volume
|m A14841589573
|
| 998 |
f |
f |
|a E901.1.S54 A3 2012
|t 0
|l Remote Storage
|